| 000 | 00573nam a2200217Ia 4500 | ||
|---|---|---|---|
| 999 |
_c41222 _d41222 |
||
| 001 | 7874 | ||
| 003 | GE_BSU | ||
| 005 | 20220927161610.0 | ||
| 008 | 181216s2012fe xx |||||||||||||| ||fre|| | ||
| 020 | _a9782253033837 | ||
| 040 | _cGE_BSU | ||
| 041 | _afre | ||
| 080 | _a821.133.1 D-37 | ||
| 100 |
_aDeforges,Régine _914865 |
||
| 245 |
_aLa Bicyclette blue,1 / _cRégine Deforges. |
||
| 264 |
_aParis : _bFayard, _c2012. |
||
| 300 |
_a416 p.: _c187cm. |
||
| 653 | _aLa Bicyclette blue,1 | ||
| 653 | _aლურჯი ველოსიპედი | ||
| 942 |
_cBK _2udc |
||